The prodigal daughter : a biography of Sherwood Bonner /

Bibliographic Details
Main Author: McAlexander, Hubert Horton
Format: Book
Language:English
Published: Baton Rouge : Louisiana State University Press, [1981]
Series:Southern literary studies.
Subjects:

MARC

Tag First Indicator Second Indicator Subfields
LEADER 00000pam a2200000 a 4500
001 in00000071846
005 20151008062425.0
008 810305s1981 lauac b s00110beng
010 |a  81004766  
020 |a 0807108626 :  |c $22.50 
035 |a (OCoLC)07279392 
035 |9 AAK0195AM 
039 0 |a 2  |b 3  |c 3  |d 3  |e 3 
040 |a DLC  |c DLC  |d TXA  |d UtOrBLW 
049 |a TXAM  |c [800470] 
050 0 0 |a PS2358  |b .M37 
082 0 |a 813/.4  |a B  |2 19 
100 1 |a McAlexander, Hubert Horton. 
245 1 4 |a The prodigal daughter :  |b a biography of Sherwood Bonner /  |c Hubert Horton McAlexander. 
264 1 |a Baton Rouge :  |b Louisiana State University Press,  |c [1981] 
264 4 |c ©1981 
300 |a xvi, 247 pages :  |b illustrations, portrait ;  |c 24 cm. 
336 |a text  |b txt  |2 rdacontent 
337 |a unmediated  |b n  |2 rdamedia 
338 |a volume  |b nc  |2 rdacarrier 
490 1 |a Southern literary studies 
500 |a Includes index. 
504 |a "The works of Katharine Sherwood Bonner McDowell": pages 231-237. 
600 1 0 |a McDowell, Katherine Sherwood Bonner,  |d 1849-1883. 
650 0 |a Authors, American  |y 19th century  |v Biography. 
830 0 |a Southern literary studies. 
999 |a MARS 
999 f f |s 38522237-a9af-33a9-86c0-5693e1959654  |i 484d2b58-7df6-3e22-9efb-b1036c5e4888  |t 0 
952 f f |p noncirc  |a Texas A&M University  |b College Station  |c Cushing Memorial Library & Archives  |d Cushing: Kelsey Americana (Does not check out)  |t 0  |e PS2358 .M37 1981  |h Library of Congress classification  |i unmediated -- volume 
952 f f |p ric  |a Texas A&M University  |b Rellis Campus  |c Joint Library Facility  |d Remote Storage  |t 0  |e PS2358 .M37  |h Library of Congress classification  |i unmediated -- volume  |m A14806189778 
998 f f |a PS2358 .M37  |t 0  |l Remote Storage 
998 f f |a PS2358 .M37 1981  |t 0  |l Cushing: Kelsey Americana (Does not check out)